| 000 | 00368nam a2200145Ia 4500 | ||
|---|---|---|---|
| 008 | 191201s2004 xx 000 0 und d | ||
| 082 |
_a629.892 _bCRI |
||
| 100 | _aCRAIG, John J | ||
| 245 | 0 | _aIntroduction to Robotics Mechanics and Control | |
| 250 | _a2nd | ||
| 260 |
_aN.Delhi _bPearson Education _c2004 |
||
| 300 | _a450 | ||
| 650 | _aB.Tech(ME) | ||
| 942 |
_2ddc _cBK |
||
| 999 |
_c1249 _d1249 |
||